00554nam a22001697a 450000500170000001000150001702000260003203500130005803700130007108200170008410000260010124500870012726000370021427000530025130000310030450000490033520140708122110.0 aENG-109875 c675.00a9788171326266 aEN-93408 bDBAD/PUB a333.91509544 aVashishtha, Pallavini00aWater :cby Pallavini Vashishthabresources,management and economic development / aJaipurbPointer Publishersc2010 a807,Vyas Buliding, S.M.S.HighwaybJaipure302003 axii,210p. c22cm(Hb)bmaps aIncludes biblographical references and index